<?xml version="1.0" encoding="UTF-8"?>
<collection xmlns="http://www.loc.gov/MARC21/slim">
 <record>
  <leader>00988naa a2200217 i 4500</leader>
  <controlfield tag="001">acta83674</controlfield>
  <controlfield tag="005">20240213131637.0</controlfield>
  <controlfield tag="008">240213s2023    hu      o     100   hun d</controlfield>
  <datafield tag="020" ind1=" " ind2=" ">
   <subfield code="a">978-963-306-941-7</subfield>
  </datafield>
  <datafield tag="040" ind1=" " ind2=" ">
   <subfield code="a">SZTE Egyetemi Kiadványok Repozitórium</subfield>
   <subfield code="b">hun</subfield>
  </datafield>
  <datafield tag="041" ind1=" " ind2=" ">
   <subfield code="a">hun</subfield>
  </datafield>
  <datafield tag="100" ind1="1" ind2=" ">
   <subfield code="a">Kováts Eszter</subfield>
  </datafield>
  <datafield tag="245" ind1="1" ind2="2">
   <subfield code="a">A gender fogalma körüli viták politikai és tudományos tétjei </subfield>
   <subfield code="h">[elektronikus dokumentum] :</subfield>
   <subfield code="b">[absztrakt] /</subfield>
   <subfield code="c"> Kováts Eszter</subfield>
  </datafield>
  <datafield tag="260" ind1=" " ind2=" ">
   <subfield code="a">Szegedi Tudományegyetem Állam- és Jogtudományi Kar Politológiai Tanszék</subfield>
   <subfield code="b">Szeged</subfield>
   <subfield code="c">2023</subfield>
  </datafield>
  <datafield tag="300" ind1=" " ind2=" ">
   <subfield code="a">21</subfield>
  </datafield>
  <datafield tag="490" ind1="0" ind2=" ">
   <subfield code="a">A Magyar Politikatudományi Társaság Vándorgyűlése</subfield>
   <subfield code="v">28</subfield>
  </datafield>
  <datafield tag="650" ind1=" " ind2="4">
   <subfield code="a">Társadalomtudományok</subfield>
  </datafield>
  <datafield tag="650" ind1=" " ind2="4">
   <subfield code="a">Politikatudomány</subfield>
  </datafield>
  <datafield tag="695" ind1=" " ind2=" ">
   <subfield code="a">Politikatudomány - előadáskivonat</subfield>
  </datafield>
  <datafield tag="711" ind1=" " ind2=" ">
   <subfield code="a">A Magyar Politikatudományi Társaság XXVIII. Vándorgyűlése</subfield>
   <subfield code="c">Szeged</subfield>
   <subfield code="d">2023. május 25-26.</subfield>
  </datafield>
  <datafield tag="856" ind1="4" ind2="0">
   <subfield code="u">http://acta.bibl.u-szeged.hu/83674/1/mppt_xxviii_vandorgyules_absztrakt_kotet_2023_021.pdf</subfield>
   <subfield code="z">Dokumentum-elérés </subfield>
  </datafield>
 </record>
</collection>
